000 00394nam a2200157Ia 4500
008 221030s9999 xx 000 0 und d
020 _a0070601682
041 _aEnglish
100 _aS. Lipschutz
245 0 _aSchaum`s Data Structures
_cby S. Lipschutz, G. A. V. Pai
260 _bTMH
_aNew Delhi
_c2006
300 _a9.27
650 _aBB Computer
700 _aG. A. V. Pai
942 _cBK
999 _c18187
_d18187